MARC details
| 000 -CABECERA |
| campo de control de longitud fija |
01857nam a2200301 a 4500 |
| 001 - NÚMERO DE CONTROL |
| campo de control |
000014797 |
| 005 - FECHA Y HORA DE LA ÚLTIMA TRANSACCIÓN |
| campo de control |
20240530073933.0 |
| 008 - DATOS DE LONGITUD FIJA--INFORMACIÓN GENERAL |
| campo de control de longitud fija |
100122s2006 dr ac 001 0dspa d |
| 020 ## - NÚMERO INTERNACIONAL ESTÁNDAR DEL LIBRO |
| Número Internacional Estándar del Libro |
9945405446 |
| 040 ## - FUENTE DE LA CATALOGACIÓN |
| Centro catalogador/agencia de origen |
DO-SdBNP |
| Lengua de catalogación |
spa |
| Centro/agencia transcriptor |
BNPHU |
| 082 ## - NÚMERO DE LA CLASIFICACIÓN DECIMAL DEWEY |
| Número de clasificación |
809.13543 |
| Número de documento/Ítem |
C355v |
| 100 1# - ENTRADA PRINCIPAL--NOMBRE DE PERSONA |
| Nombre de persona |
Castro Ventura, Santiago, |
| Fechas asociadas al nombre |
1949- |
| 9 (RLIN) |
775 |
| 245 13 - MENCIÓN DE TÍTULO |
| Título |
La vorágine del amor en los poetas / |
| Mención de responsabilidad, etc. |
Santiago Castro Ventura. |
| 260 ## - PUBLICACIÓN, DISTRIBUCIÓN, ETC. |
| Lugar de publicación, distribución, etc. |
Santo Domingo : |
| Nombre del editor, distribuidor, etc. |
Manatí, |
| Fecha de publicación, distribución, etc. |
2006. |
| 300 ## - DESCRIPCIÓN FÍSICA |
| Extensión |
257 p. : |
| Otras características físicas |
il. ; |
| Dimensiones |
23 cm. |
| 500 ## - NOTA GENERAL |
| Nota general |
Incluye datos biográficos del autor en las contracubierta. |
| 504 ## - NOTA DE BIBLIOGRAFÍA, ETC. |
| Nota de bibliografía, etc. |
Incluye bibliografía y notas al pie de páginas. |
| 504 ## - NOTA DE BIBLIOGRAFÍA, ETC. |
| Nota de bibliografía, etc. |
Bibliografía: p.241-249. |
| 505 0# - NOTA DE CONTENIDO CON FORMATO |
| Información miscelánea |
Prólogo / |
| Mención de responsabilidad |
Pablo Pascual Báez -- |
| Información miscelánea |
Introducción -- |
| Título |
Humano y poeta -- |
| -- |
Gustavo Adolfo Bécquer: ¿Amor anhelado? -- |
| -- |
Rosario La De Acuña: ¡El talismán de los poetas! -- |
| -- |
Eugenio Perdomo: ¡Amor ante el patíbulo! -- |
| -- |
José Martí: ¡El intenso vivir! -- |
| -- |
Rubén Darío: ¡Venturas y desventuras! |
| -- |
José Asunción Silva: ¿Misteriosa fidelidad? -- |
| -- |
Julián del Casal: ¿Incógnitas afectivas? -- |
| -- |
Eduardo Scalan: ¡Catástrofe adulterina! -- |
| -- |
Delmira Agustini: ¡Inefable holocausto! -- |
| -- |
Antonio Machado: ¡Aflicciones del amor! -- |
| -- |
Leopoldo Lugones: ¿Aventura en la decadencia? -- |
| -- |
Gabriela Mistral: ¿Frustración de amor? -- |
| -- |
Pablo Neruda: ¡Memorias de amor! -- |
| Información miscelánea |
Comentarios -- |
| -- |
Conclusiones -- |
| Título |
Bibliografía consultada -- |
| -- |
Índice onomástico. |
| 590 ## - NOTA LOCAL (RLIN) |
| Nota local |
Inventariado, 2018/ YL |
| 650 #4 - PUNTO DE ACCESO ADICIONAL DE MATERIA--TÉRMINO DE MATERIA |
| Término de materia o nombre geográfico como elemento de entrada |
Poetas hispanoamericanos |
| Subdivisión general |
Crítica e interpretación |
| 9 (RLIN) |
33533 |
| 650 #4 - PUNTO DE ACCESO ADICIONAL DE MATERIA--TÉRMINO DE MATERIA |
| Término de materia o nombre geográfico como elemento de entrada |
Amor en la literatura |
| 9 (RLIN) |
22842 |
| 650 #4 - PUNTO DE ACCESO ADICIONAL DE MATERIA--TÉRMINO DE MATERIA |
| Término de materia o nombre geográfico como elemento de entrada |
Poesía amorosa |
| Subdivisión general |
Historia y crítica |
| 9 (RLIN) |
33534 |
| 650 #0 - PUNTO DE ACCESO ADICIONAL DE MATERIA--TÉRMINO DE MATERIA |
| Término de materia o nombre geográfico como elemento de entrada |
Ensayos dominicanos |
| 9 (RLIN) |
65 |
| 650 #0 - PUNTO DE ACCESO ADICIONAL DE MATERIA--TÉRMINO DE MATERIA |
| Término de materia o nombre geográfico como elemento de entrada |
Literatura dominicana. |
| 9 (RLIN) |
67 |
| 650 #4 - PUNTO DE ACCESO ADICIONAL DE MATERIA--TÉRMINO DE MATERIA |
| Término de materia o nombre geográfico como elemento de entrada |
Literatura hispanoamericana |
| Subdivisión general |
Historia y crítica |
| 9 (RLIN) |
6273 |
| 910 ## - DATOS DE OPCIÓN DEL USUARIO (OCLC) |
| Datos de opción del usuario |
Validado. Control de calidad EMS |